| 000 | 003350000a22000970004500 | ||
|---|---|---|---|
| 100 | 1 | _aSharp, Carolyn J. | |
| 245 | 1 | 0 | _a"Take another scroll and write" A study of the LXX and the MT of Jeremiah's oracles againts Egypt and Babylon |
| 300 | _aVol. 47, Num. 4 (Octubre, 1997), Páginas 487-516 | ||
| 773 | 0 | _tVetus Testamentum | |
| 942 | _cANA | ||
| 999 |
_c58163 _d58163 |
||